000 01249cam a2200325 4500
002 ##1404
008 090401t1995 xxu||||| |||| 00| 0 eng d
020 _a0854067337
035 _a(Sirsi) u63652
041 0 _aeng
050 0 4 _a711.1 $2 18
090 _aRICS 1995/117ABCD
110 2 _aRoyal Institution of Chartered Surveyors
_bMinerals Practice Skills Panel
_94512
245 0 0 _aMineral planning legislation and related publications (England and Wales)
260 _aLondon
_bRICS
_c1995
300 _a23p.
_c30cm.
350 _a6.95
490 0 _aRICS Minerals Practice Skills Panel Information Paper
_v1
520 _aLists legislation relating to mineral planning cases.
520 _aUnder review 1 August 2006.
650 2 4 _aMINERALS PLANNING GUIDANCE NOTES
650 2 4 _aPLANNING POLICY GUIDANCE NOTES
650 2 4 _aREGIONAL PLANNING GUIDANCE NOTES
651 4 _aEngland and Wales
_y1543-
690 _aENVIRONMENTAL AND LAND CONSULTANCY-MINERAL RESOURCE MANAGEMENT
710 2 _aRoyal Institution of Chartered Surveyors
_94900
856 4 1 _uhttps://www.rics.org/site/download_feed.aspx?fileID=3668
_zThe document is restricted to RICS members only, download from www.rics.org...
942 _n0
948 _c04/03/1997
999 _c94589
_d94589